Responses for Show #2273 - Wednesday, June 22, 1994

Contestants

[<< previous game]

Elliot Cohen, a researcher from Oakland, California

Matt Crowley, a substitute teacher originally from Richland, Washington

Jan Littler, a daycare provider from Arcadia, California (whose 1-day cash winnings total $10,000)

[next game >>]

Jeopardy! Round responses

HISTORY
ROCK MUSIC
AWARDS
STATUES
INVENTIONS
VOCABULARY
    $100 1
China

Jan
    $100 16
Elton John

Elliot
    $100 6
Margaret Thatcher

Jan
    $100 11
the Statue of Liberty

Matt
    $100 17
toothpaste

Jan
    $100 19
ulterior

Triple Stumper
    $200 2
Beirut

Matt
    $200 18
Sting

Matt
    $200 7
Arsenio Hall

Elliot
    $200 12
Trafalgar Square

Matt
    $200 25
the phonograph

Elliot
    $200 20
soap

Triple Stumper
    $300 3
the Bolsheviks

Elliot
    $300 22
Paul Simon

Jan
    $300 8
Clinton

Jan
    $300 13
the Pieta

Jan
    $300 26
(Clarence) Birdseye

Elliot
    $300 21
(Elliot: Uh, what is a ballet, um... notation?)
[Alex is unsure how to rule and makes hesitating sounds.]
(Elliot: [**]?)

a dance step (choreographic)

Elliot
    $400 4
(Jan: What is Greenland?)

Norway

JanMatt
    $400 23
Don McLean

Jan
    $400 9
Rosa Parks (or Gordon Parks)

Jan
    $400 14
Kamehameha

Jan
    $400 27
the Franklin Stove

Jan
    $400 29
chiffon

Jan
    $500 5
4

Elliot
    $500 24
Duran Duran

Jan
    $500 10
Niels Bohr

Elliot
    $800 15
(Alex: [*], by Rodin, yes.)

The Thinker

Jan
    $500 28
the telescope

Matt
    $500 30
(Jan: Why did I ring in? I have no idea.)

Harry

Jan
Triple Stumper

Scores at the first commercial break (after clue 15):

Jan Matt Elliot
$2,000 $900 $1,500

Scores at the end of the Jeopardy! Round:

Jan Matt Elliot
$3,600 $1,600 $2,400

Double Jeopardy! Round responses

WORLD GEOGRAPHY
NEWSPAPERS
1913
ROCKS & MINERALS
SHAKESPEAREAN CHARACTERS
PATERNAL NICKNAMES
    $200 1
the Thames

Matt
    $200 6
the L.A. Times

Elliot
    $200 11
(Marcel) Proust

Elliot
    $200 26
Death Valley

Elliot
    $200 21
(Elliot: Who is Caesar?)

Antony

JanElliot
    $200 16
baseball

Elliot
    $400 2
the Gulf of California

Matt
    $400 7
the Globe

Matt
    $400 12
Greece

Jan
    $400 27
U-235

Elliot
    $400 22
Julius Caesar

Jan
    $400 17
root beer

Jan
    $600 3
the North Sea

Matt
    $600 8
Uruguay

Elliot
    $600 13
poet laureate

Jan
    $600 28
lignite

Triple Stumper
    $600 23
King Lear

Elliot
    $600 18
Washington Irving

Jan
    $800 4
Mont Blanc

Elliot
    $800 9
(Jan: What is the Herald?)
(Elliot: What is the Journal American?)

the New York World

JanElliot
Triple Stumper
    $800 14
The Rite of Spring

Elliot
    $800 29
-40

Matt
    $800 24
Hamlet

Elliot
    $800 19
Herodotus

Elliot
    $1000 5
Victoria

Matt
    $1000 10
the University of Florida

Triple Stumper
    $2,100 15
Gerald Ford

Elliot
    $1000 30
zinc

Triple Stumper
    $1000 25
Twelfth Night

Matt
    $1000 20
John Maynard Keynes

Elliot

Scores at the end of the Double Jeopardy! Round:

Jan Matt Elliot
$5,400 $6,000 $10,100

[wagering suggestions for these scores]

Final Jeopardy! Round responses

FAMOUS WOMEN
JanWho is Jane Goodall?
$5,400
MattWho is Jane Goodall
$5,998
ElliotWho is Jane Goodall
$6,500
Jane Goodall

Final scores:

Jan Matt Elliot
$10,800 $11,998 $16,600
3rd place: Go Video dual-deck VCR + Wheel of Fortune & Jeopardy for Super Nintendo Entertainment System & Sega Genesis + Jeopardy home game 2nd place: Singer dining room set + Oneida gift certificate + Jeopardy! home game New champion: $16,600

Game dynamics:

Coryat scores:

Jan Matt Elliot
$5,100 $6,000 $9,000
19 R
(including 1 DD),
3 W
13 R,
0 W
21 R
(including 2 DDs),
2 W

Combined Coryat: $20,100

[game clues] [game scores] [suggest correction]

Game tape date: 1994-02-08
The J! Archive is created by fans, for fans. Scraping, republication, monetization, and malicious use prohibited; this site may use cookies and collect identifying information. See terms. The Jeopardy! game show and all elements thereof, including but not limited to copyright and trademark thereto, are the property of Jeopardy Productions, Inc. and are protected under law. This website is not affiliated with, sponsored by, or operated by Jeopardy Productions, Inc. Join the discussion at JBoard.tv.